| 000 | 00434 a2200157 4500 | ||
|---|---|---|---|
| 999 |
_c8806 _d8806 |
||
| 020 | _a0674992997 | ||
| 050 | _aB434 ARI 1933 | ||
| 100 | _aAristotle | ||
| 245 |
_aThe Metaphysics : _bBooks I-IX/ _cAristotle. |
||
| 264 |
_aCambridge, MA : _bHarvard University Press, _c1933 |
||
| 300 | _a473 p. | ||
| 500 | _acomes with an English translation | ||
| 650 | _a Metaphysics. | ||
| 700 | _aHugh, Tredennick | ||
| 942 |
_2lcc _cBK _h434 _iARI _kB |
||